Score 0/20 Timer 06:00
0 Plays Today
km City % Correct
52Léck - Liège
85.5%
95Köln - Cologne
83.9%
34Metz
79.5%
2Tréier - Trier
75%
120Düsseldorf
72%
54Oochen - Aachen
71.9%
72Maastricht
68.8%
42Saarbrécken - Saarbrücken
68.5%
83Nanzeg - Nancy
67.9%
85Bonn
67.6%
km City % Correct
76Namouer - Namur
62.9%
104Charleroi
62.7%
117Mainz
54.2%
89Koblenz
51.8%
112Leverkusen
32.6%
118Wiesbaden
32.6%
105Mönchengladbach
28.8%
114Neuss
26%
123Solingen
17.9%
112Bergisch Gladbach
15.2%

You're not logged in!

Compare scores with friends on all Sporcle quizzes.
OR
Log In

Sporcle TV

Today on Sporcle TV


Watch our educational content, quiz creation guides, and fun videos on Sporcle TV.

Show Comments

Extras

Top Quizzes Today


Score Distribution

Paid Content

Your Account Isn't Verified!

In order to create a playlist on Sporcle, you need to verify the email address you used during registration. Go to your Sporcle Settings to finish the process.

Report this User

Report this user for behavior that violates our Community Guidelines.

Details: